Growing Cities in Peru - Statistics

General Stats
  • This quiz has been taken 11 times
  • The average score is 6 of 10
Answer Stats
Population Population Gained City % Correct
10,201,285 1,728,350 Lima
100%
1,050,849 245,699 Arequipa
88%
457,398 108,463 Cusco
88%
908,209 198,643 Trujillo
88%
477,605 100,754 Piura
63%
218,777 69,386 Ayacucho
38%
420,306 69,796 Huancayo
38%
300,963 58,512 Tacna
38%
283,872 67,156 Juliaca
13%
353,891 83,111 Pucallpa
13%
No matching quizzes found
Score Distribution
Percent of People with Each Score
Percentile by Number Answered
Your Score History
You have not taken this quiz